[Event "Torredembarra op 23rd"]
[Site "Torredembarra"]
[Date "2023.07.03"]
[Round "3"]
[White "Lacasa Diaz, Jose Antonio"]
[Black "Aribau Rivas, Miguel Angel"]
[Result "1-0"]
[WhiteElo "2360"]
[BlackElo "2037"]
[PlyCount "59"]
[EventDate "2023.07.01"]
[EventType "swiss"]
[EventRounds "9"]
[EventCountry "ESP"]
[SourceTitle "CBM 215 Extra"]
[Source "ChessBase"]
[SourceDate "2023.09.30"]
[SourceVersion "1"]
[SourceVersionDate "2023.09.30"]
[SourceQuality "1"]

1. e4 c6 2. d4 d5 3. e5 c5 4. dxc5 e6 5. a3 Bxc5 6. Qg4 Bf8 7. Nf3 h5 8. Qg3 Nh6 9. Bd3 Nc6 10. 0-0 Nf5 11. Bxf5 h4 12. Qg5 Qxg5 13. Bxg5 exf5 14. Nc3 Be6 15. Rad1 d4 16. Nb5 Rc8 17. Nbxd4 Nxd4 18. Rxd4 Be7 19. Bxe7 Kxe7 20. c3 h3 21. g3 Bd7 22. Rfd1 Bc6 23. Nd2 g5 24. Nc4 Rc7 25. f4 g4 26. Ne3 Be4 27. Kf2 Rhc8 28. R1d2 Ke8 29. Nxg4 fxg4 30. Rxe4 1-0

[Event "Aragon-chT Preferente Gr II"]
[Site "Aragon"]
[Date "2022.02.19"]
[Round "4.62"]
[White "Aribau Rivas, Miguel Angel"]
[Black "Torrente Gayarre, Lorenzo"]
[Result "1-0"]
[WhiteElo "2024"]
[BlackElo "1624"]
[PlyCount "41"]
[EventDate "2022.01.29"]
[EventType "team-tourn"]
[EventRounds "9"]
[EventCountry "ESP"]
[SourceTitle "EXT 2024"]
[Source "ChessBase"]
[SourceDate "2023.10.10"]
[SourceVersion "1"]
[SourceVersionDate "2023.10.10"]
[SourceQuality "1"]
[WhiteTeam "Fraga"]
[BlackTeam "Jaque Pirenauto II"]
[WhiteTeamCountry "ESP"]
[BlackTeamCountry "ESP"]

1. e4 c5 2. Nf3 e6 3. d4 cxd4 4. Nxd4 Nf6 5. Bd3 Nc6 6. Nb3 d5 7. exd5 Nxd5 8. 0-0 Bd6 9. Nc3 Nxc3 10. bxc3 Qc7 11. f4 Ne7 12. c4 0-0 13. Kh1 b6 14. Nd4 Ng6 15. Nb5 Qc6 16. Bxg6 Bb7 17. Qf3 Qxb5 18. Bxh7+ Kh8 19. Qh3 Bxg2+ 20. Kxg2 Qc6+ 21. Be4+ 1-0

[Event "Aragon-chT Preferente A"]
[Site "Aragon"]
[Date "2017.02.18"]
[Round "4.34"]
[White "Aribau Rivas, Miguel Angel"]
[Black "Rodes Apilluelo, Jose Maria"]
[Result "1-0"]
[WhiteElo "2030"]
[BlackElo "2016"]
[PlyCount "39"]
[EventDate "2017.01.28"]
[EventType "team-tourn"]
[EventRounds "9"]
[EventCountry "ESP"]
[SourceTitle "EXT 2018"]
[Source "ChessBase"]
[SourceDate "2017.10.13"]
[SourceVersion "1"]
[SourceVersionDate "2017.10.13"]
[SourceQuality "1"]
[WhiteTeam "Fraga"]
[BlackTeam "St Casablanca III"]
[WhiteTeamCountry "ESP"]
[BlackTeamCountry "ESP"]

1. e4 c5 2. Nc3 Nc6 3. f4 d6 4. Nf3 g6 5. Bb5 Bg7 6. 0-0 e6 7. d3 Nge7 8. Qe1 a6 9. Bc4 b5 10. Bb3 0-0 11. f5 Nd4 12. Nxd4 Bxd4+ 13. Kh1 exf5 14. Bg5 Be6 15. Qh4 Ra7 16. exf5 Bxb3 17. f6 Nf5 18. Rxf5 Kh8 19. Qh6 Rg8 20. Rf4 1-0

[Event "Aragon-chT Preferente A"]
[Site "Aragon"]
[Date "2017.01.28"]
[Round "1.46"]
[White "Aribau Rivas, Miguel Angel"]
[Black "Sig Vargas, Pablo"]
[Result "1-0"]
[WhiteElo "2030"]
[BlackElo "1890"]
[PlyCount "79"]
[EventDate "2017.01.28"]
[EventType "team-tourn"]
[EventRounds "9"]
[EventCountry "ESP"]
[SourceTitle "EXT 2018"]
[Source "ChessBase"]
[SourceDate "2017.10.13"]
[SourceVersion "1"]
[SourceVersionDate "2017.10.13"]
[SourceQuality "1"]
[WhiteTeam "Fraga"]
[BlackTeam "Barbastro"]
[WhiteTeamCountry "ESP"]
[BlackTeamCountry "ESP"]

1. e4 e5 2. Nf3 Nf6 3. Bc4 Nc6 4. d3 Be7 5. 0-0 0-0 6. Re1 d6 7. a4 Be6 8. Nbd2 Nd7 9. c3 Bxc4 10. Nxc4 Kh8 11. Ne3 Bf6 12. Nd5 Nb6 13. Nxf6 Qxf6 14. a5 Nd7 15. a6 b5 16. d4 Rfe8 17. Qd3 Rab8 18. d5 Nc5 19. Qc2 Ne7 20. Be3 h6 21. b4 Na4 22. c4 Nb6 23. cxb5 Rec8 24. Nd2 Qg6 25. Nc4 Nexd5 26. Na5 Ne7 27. Qc3 Qe6 28. f4 exf4 29. Bxf4 Ng6 30. Bxh6 Qe5 31. Qxe5 Nxe5 32. Be3 c5 33. bxc5 dxc5 34. Bf4 Nbd7 35. Nc6 Nd3 36. Nxb8 Nxe1 37. Nxd7 Nd3 38. b6 axb6 39. Nxb6 Rd8 40. Bc7 1-0

[Event "Huesca Province-ch"]
[Site "Sabinanigo"]
[Date "2016.11.12"]
[Round "5"]
[White "Escartin Lacasa, Jose"]
[Black "Aribau Rivas, Miguel Angel"]
[Result "1/2-1/2"]
[WhiteElo "1785"]
[BlackElo "2052"]
[PlyCount "63"]
[EventDate "2016.10.15"]
[EventType "swiss"]
[EventRounds "7"]
[EventCountry "ESP"]
[SourceTitle "EXT 2018"]
[Source "ChessBase"]
[SourceDate "2017.10.13"]
[SourceVersion "1"]
[SourceVersionDate "2017.10.13"]
[SourceQuality "1"]

1. d4 e6 2. Nf3 f5 3. d5 Bd6 4. e3 Nf6 5. dxe6 dxe6 6. Bc4 Nc6 7. 0-0 0-0 8. Qe2 Qe7 9. Nc3 Na5 10. e4 Nxc4 11. Qxc4 fxe4 12. Nxe4 Bd7 13. Re1 Nxe4 14. Rxe4 Qf7 15. Be3 h6 16. Ne5 Bxe5 17. Rxe5 Qf6 18. Re4 Qf5 19. Rf4 Qe5 20. Qd4 Qxd4 21. Rxd4 Bc6 22. Bf4 Rf7 23. Re1 Bd5 24. Bg3 c5 25. Ra4 b5 26. Ra5 Rb7 27. b3 Rc8 28. a4 c4 29. axb5 cxb3 30. cxb3 Rc5 31. Rea1 Bxb3 32. h3 1/2-1/2